书目信息 |
| 题名: |
线性代数与线性规划
|
|
| 作者: | 周誓达 编著 | |
| 分册: | ||
| 出版信息: | 北京 中国人民大学出版社 2005 |
|
| 页数: | 215页 | |
| 开本: | 23cm | |
| 丛书名: | ||
| 单 册: | ||
| 中图分类: | O151.2 , O221.1 | |
| 科图分类: | ||
| 主题词: | 线性代数--高等学校--教材 , 线性规划--高等学校--教材 , 线性规划 , 线性代数 | |
| 电子资源: | ||
| ISBN: | 7-300-06897-9 | |
| 000 | 01051nam0 2200301 450 | |
| 000 | 01062nam0 2200301 450 | |
| 000 | 00993nam0 2200277 450 | |
| 000 | 00957nam0 2200265 45 | |
| 005 | 20070722182433.62 | |
| 010 | @a7-300-06897-9@dCNY18.00 | |
| 100 | @a20070626d2005 em y0chiy0120 ea | |
| 101 | 0 | @achi |
| 102 | @aCN@b110000 | |
| 105 | @ay z 000yy | |
| 200 | 1 | @a线性代数与线性规划@AXian Xing Dai Shu Yu Xian Xing Gui Hua@f周誓达编著@FZhou Shi Da Bian Zhu |
| 210 | @a北京@c中国人民大学出版社@d2005 | |
| 215 | @a215页@d23cm | |
| 300 | @a大学本科经济应用数学基础特色教材系列经济应用数学基础(二) 经济类与管理类 | |
| 330 | @a本书共分五章,介绍了经济工作所需要的行列式、矩阵、线性方程组及线性规划问题、单纯形解法。本书着重讲解基本概念、基本理论及方法。 | |
| 606 | 0 | @a线性代数@x高等学校@j教材 |
| 606 | 0 | @a线性规划@x高等学校@j教材 |
| 606 | 0 | @a线性规划 |
| 606 | 0 | @a线性代数 |
| 690 | @aO151.2@v4 | |
| 690 | @aO221.1@v4 | |
| 701 | 0 | @a周誓达@AZhou Shi Da@4编著 |
| 801 | 0 | @aCN@bTAOJIN@c20070722 |
| 905 | @a10447@dO151.2@e282 | |
| 线性代数与线性规划/周誓达编著.-北京:中国人民大学出版社,2005 |
| 215页;23cm |
| 大学本科经济应用数学基础特色教材系列经济应用数学基础(二) 经济类与管理类 |
| ISBN 7-300-06897-9:CNY18.00 |
| 本书共分五章,介绍了经济工作所需要的行列式、矩阵、线性方程组及线性规划问题、单纯形解法。本书着重讲解基本概念、基本理论及方法。 |
| ● |
| 相关链接 |
|
|
|
|
正题名:线性代数与线性规划
索取号:O151.2/282
 
预约/预借
| 序号 | 登录号 | 条形码 | 馆藏地/架位号 | 状态 | 备注 |
| 1 | 0823318 | 208233188 | 第二样本阅览室/ [索取号:O151.2/282] | 在馆 | |
| 2 | 0823319 | 208233197 | 第三借阅区/ [索取号:O151.2/282] | 在馆 | |
| 3 | 0823320 | 208233204 | 第三借阅区/ [索取号:O151.2/282] | 在馆 | |
| 4 | 0823321 | 208233213 | 第三借阅区/ [索取号:O151.2/282] | 在馆 | |
| 5 | 0823322 | 208233222 | 第三借阅区/ [索取号:O151.2/282] | 在馆 | |
| 6 | 0823323 | 208233231 | 第三借阅区/ [索取号:O151.2/282] | 在馆 | |
| 7 | 0823324 | 208233240 | 第三借阅区/ [索取号:O151.2/282] | 在馆 | |
| 8 | 0823325 | 208233259 | 第三借阅区/ [索取号:O151.2/282] | 在馆 |